| 000 | 00912cam a2200277 a 4500 | ||
|---|---|---|---|
| 001 | 17229141 | ||
| 005 | 20150506150251.0 | ||
| 008 | 120326t2013 moua frb 001 0 eng d | ||
| 020 | _a9780323091145 (pbk. : alk. paper) | ||
| 040 |
_aDNLM/DLC _cDLC _dDLC _dEG-ScBUE |
||
| 082 | 0 | 0 |
_a616.890231 _222 _bSTU |
| 100 | 1 |
_aStuart, Gail Wiscarz, _d1949- _937875 |
|
| 245 | 1 | 0 |
_aPrinciples and practice of psychiatric nursing / _cGail Wiscarz Stuart. |
| 246 | 3 | 0 | _aPsychiatric nursing |
| 250 | _a10th ed. | ||
| 260 |
_aMissouri : _bElsevier Saunders, _cc.2013. |
||
| 300 |
_axvi, 816 p. : _bill. (col.) ; _c29 cm. |
||
| 500 | _aIndex : p. 787-816. | ||
| 504 | _aIncludes bibliographical references. | ||
| 650 | 7 |
_aMental Disorders _xnursing. _2BUEsh _910239 |
|
| 650 | 7 |
_aPsychiatric Nursing _xmethods. _2BUEsh _910238 |
|
| 651 | _2BUEsh | ||
| 653 |
_bNNUR _cMay2015 |
||
| 655 |
_vreading book _934232 |
||
| 942 | _2ddc | ||
| 999 |
_c19304 _d19276 |
||